[Event "MVP-ch Seniors op 15th"]
[Site "Binz"]
[Date "2015.11.29"]
[Round "6.53"]
[White "Walther, Gerd"]
[Black "Kohn, Friedrich"]
[Result "1-0"]
[WhiteElo "1769"]
[BlackElo "1337"]
[PlyCount "65"]
[EventDate "2015.11.24"]
[EventType "swiss"]
[EventRounds "9"]
[EventCountry "GER"]
[SourceTitle "EXT 2017"]
[Source "ChessBase"]
[SourceDate "2016.10.25"]
[SourceVersion "1"]
[SourceVersionDate "2016.10.25"]
[SourceQuality "1"]

1. d4 e6 2. Nf3 c5 3. c3 Nc6 4. Bg5 Be7 5. Bxe7 Qxe7 6. e3 d5 7. Bd3 c4 8. Bc2 Nf6 9. Nbd2 Nd7 10. 0-0 f5 11. g3 0-0 12. Nh4 g5 13. Ng2 Nf6 14. f3 Qg7 15. e4 Ne7 16. e5 Nh5 17. f4 g4 18. b3 b5 19. a4 Bd7 20. axb5 Bxb5 21. bxc4 Bxc4 22. Nxc4 dxc4 23. Ne3 Rfc8 24. Ra4 Nd5 25. Nxd5 exd5 26. Bxf5 Rc6 27. Qxg4 Qxg4 28. Bxg4 Ng7 29. Rfa1 Rc7 30. Bf3 Rd8 31. Rxa7 Rxa7 32. Rxa7 Kf8 33. Ra5 1-0

[Event "MVP-ch Seniors op 15th"]
[Site "Binz"]
[Date "2015.11.27"]
[Round "4.71"]
[White "Dittschlag, Lothar"]
[Black "Kohn, Friedrich"]
[Result "1/2-1/2"]
[WhiteElo "1621"]
[BlackElo "1337"]
[PlyCount "79"]
[EventDate "2015.11.24"]
[EventType "swiss"]
[EventRounds "9"]
[EventCountry "GER"]
[SourceTitle "EXT 2017"]
[Source "ChessBase"]
[SourceDate "2016.10.25"]
[SourceVersion "1"]
[SourceVersionDate "2016.10.25"]
[SourceQuality "1"]

1. e4 g6 2. d4 Bg7 3. Nf3 d6 4. Bc4 e6 5. Nc3 Ne7 6. 0-0 0-0 7. Re1 b6 8. Qe2 Bb7 9. Bg5 Qd7 10. Rad1 a5 11. Qe3 Kh8 12. Bh6 Ba6 13. Bxa6 Nxa6 14. Bxg7+ Kxg7 15. Ng5 h6 16. Nf3 Ng8 17. h3 Rae8 18. a3 f5 19. Qd3 Nb8 20. exf5 exf5 21. d5 Kh7 22. Rxe8 Rxe8 23. Nd4 Nf6 24. Qf3 Qf7 25. g4 fxg4 26. hxg4 Re5 27. Rc1 g5 28. Ne6 h5 29. Nxc7 Nbd7 30. N7b5 Qe7 31. Nd4 Qf8 32. Ne6 Qe7 33. Qd3+ Kh8 34. f3 Nxd5 35. Nxd5 Qxe6 36. Nc7 Re1+ 37. Rxe1 Qxe1+ 38. Kg2 Qe5 39. c3 Nf6 40. Qd4 1/2-1/2

[Event "MVP-ch Seniors op 14th"]
[Site "Binz"]
[Date "2014.11.29"]
[Round "5"]
[White "Kohn, Friedrich"]
[Black "Klingenberg, Dietrich"]
[Result "0-1"]
[WhiteElo "1334"]
[BlackElo "1629"]
[PlyCount "94"]
[EventDate "2014.11.25"]
[EventType "swiss"]
[EventRounds "9"]
[EventCountry "GER"]
[SourceTitle "EXT 2016"]
[Source "ChessBase"]
[SourceDate "2015.10.08"]
[SourceVersion "1"]
[SourceVersionDate "2015.10.08"]
[SourceQuality "1"]

1. e4 e6 2. Qe2 c6 3. c4 d5 4. cxd5 cxd5 5. exd5 Qxd5 6. Qb5+ Qc6 7. Nc3 Bd7 8. Qxc6 Bxc6 9. Bb5 a6 10. Bxc6+ Nxc6 11. Nf3 Nf6 12. 0-0 Bd6 13. d4 Nb4 14. Be3 0-0 15. Ne5 Nc2 16. Rad1 Nxe3 17. fxe3 Bxe5 18. dxe5 Ng4 19. Rd7 b5 20. Rfd1 Nxe5 21. Rc7 Nc4 22. Rdd7 Nxb2 23. Ne4 Rad8 24. Ra7 Rxd7 25. Rxd7 Ra8 26. Ng5 Nc4 27. Nxf7 Rf8 28. Ng5 Nxe3 29. Nf3 e5 30. Re7 Rc8 31. Nxe5 h6 32. Nd3 Ng4 33. h3 Rd8 34. Nf2 Kf8 35. Ra7 Nxf2 36. Kxf2 Rd2+ 37. Ke3 Rxa2 38. Kd3 Rxg2 39. Rxa6 Rg3+ 40. Kc2 Rxh3 41. Rb6 Re3 42. Rxb5 g5 43. Kd2 Re6 44. Rd5 Kf7 45. Rd3 g4 46. Rg3 h5 47. Rg2 Kg6 0-1

[Event "MVP-ch Seniors op 14th"]
[Site "Binz"]
[Date "2014.11.27"]
[Round "3"]
[White "Kohn, Friedrich"]
[Black "Wagner, Richard"]
[Result "0-1"]
[WhiteElo "1334"]
[BlackElo "1657"]
[PlyCount "66"]
[EventDate "2014.11.25"]
[EventType "swiss"]
[EventRounds "9"]
[EventCountry "GER"]
[SourceTitle "EXT 2016"]
[Source "ChessBase"]
[SourceDate "2015.10.08"]
[SourceVersion "1"]
[SourceVersionDate "2015.10.08"]
[SourceQuality "1"]

1. e4 c5 2. Nf3 e6 3. Qe2 Nf6 4. g3 Nc6 5. Nc3 a6 6. d3 Be7 7. Bg5 Nd4 8. Nxd4 cxd4 9. Nd1 h6 10. Bxf6 Bxf6 11. e5 Be7 12. Bg2 0-0 13. 0-0 d5 14. a3 Bd7 15. b3 Rc8 16. Nb2 Qc7 17. Rfc1 Qc3 18. Nd1 Qc7 19. h4 f6 20. f4 fxe5 21. fxe5 Rf5 22. Nf2 Rxe5 23. Qd2 Re3 24. Nh1 Bd6 25. c3 Bxg3 26. cxd4 Bh2+ 27. Kf1 Qf4+ 28. Qf2 Rf8 29. Re1 Qxf2+ 30. Nxf2 Rxd3 31. Bh3 Rxh3 32. Kg2 Rxb3 33. Re2 Bd6 0-1

[Event "Mecklenburg VP LL2 West 1415"]
[Site "Mecklenburg VP"]
[Date "2014.11.23"]
[Round "3.6"]
[White "Kohn, Friedrich"]
[Black "Lindner, Thomas"]
[Result "1/2-1/2"]
[WhiteElo "1334"]
[BlackElo "1683"]
[PlyCount "101"]
[EventDate "2014.09.21"]
[EventType "team-tourn"]
[EventRounds "9"]
[EventCountry "GER"]
[SourceTitle "EXT 2022"]
[Source "ChessBase"]
[SourceDate "2021.10.06"]
[SourceVersion "1"]
[SourceVersionDate "2021.10.06"]
[SourceQuality "1"]
[WhiteTeam "Wismar ASV Gruen-Weiss II"]
[BlackTeam "Schwerin SF IV"]
[WhiteTeamCountry "GER"]
[BlackTeamCountry "GER"]

1. e4 e5 2. f4 exf4 3. Nf3 d6 4. Bc4 Nc6 5. 0-0 Nf6 6. d3 h6 7. Bb5 Bd7 8. Bxc6 Bxc6 9. Nd4 Qd7 10. Bxf4 Be7 11. Nf5 0-0 12. Nxe7+ Qxe7 13. Re1 Qd7 14. Nc3 Rfe8 15. Qd2 Kh7 16. a4 a6 17. Ne2 Rad8 18. b3 Nh5 19. Nd4 b6 20. Nxc6 Qxc6 21. Rac1 Re6 22. Rf1 f6 23. Be3 g5 24. Qe2 Ng7 25. Qd2 Rde8 26. Bd4 Kg6 27. Qc3 Qxc3 28. Bxc3 a5 29. Rf2 Rf8 30. g4 Ne8 31. Rcf1 Re7 32. Rf5 Ref7 33. b4 axb4 34. Bxb4 Ng7 35. R5f2 Ne6 36. Bc3 Nf4 37. Kh1 Ra8 38. Ra1 h5 39. gxh5+ Nxh5 40. Rf5 Nf4 41. Bd2 Ne6 42. Be3 Rh8 43. Kg2 Rfh7 44. Rh1 Rh3 45. Rf3 R3h4 46. h3 g4 47. Rg3 f5 48. exf5+ Kxf5 49. Rf1+ Ke5 50. d4+ Ke4 51. Rxg4+ 1/2-1/2

[Event "MVP-ch Seniors op 12th"]
[Site "Binz"]
[Date "2012.11.30"]
[Round "3"]
[White "Mueller, Dieter5"]
[Black "Kohn, Friedrich"]
[Result "0-1"]
[WhiteElo "1467"]
[BlackElo "1326"]
[PlyCount "84"]
[EventDate "2012.11.28"]
[EventType "swiss"]
[EventRounds "9"]
[EventCountry "GER"]
[SourceTitle "EXT 2014"]
[Source "ChessBase"]
[SourceDate "2013.11.20"]
[SourceVersion "1"]
[SourceVersionDate "2013.11.20"]
[SourceQuality "1"]

1. Nf3 f5 2. g3 Nf6 3. Bg2 e6 4. d3 Be7 5. c4 d6 6. Nc3 0-0 7. 0-0 c6 8. a3 Qe8 9. b4 Nbd7 10. Bg5 h6 11. Bd2 Nh7 12. Qc1 Qg6 13. h4 Ndf6 14. Nh2 Ng4 15. Qe1 Nxh2 16. Kxh2 Nf6 17. Rh1 Ng4+ 18. Kg1 h5 19. Nd1 Bd7 20. f3 Nf6 21. Bg5 Rae8 22. Kh2 Nh7 23. Bxe7 Rxe7 24. Nf2 e5 25. Rg1 Nf6 26. Nh3 Nh7 27. Qf2 b6 28. Rae1 Nf6 29. Qe3 Rfe8 30. Qd2 e4 31. Nf4 Qh6 32. Qc2 g5 33. hxg5 Qxg5 34. Bh3 exf3 35. e3 Ng4+ 36. Bxg4 hxg4 37. Ng2 fxg2 38. Rxg2 Rxe3 39. Rxe3 Qxe3 40. Qc3 Re6 41. Rc2 Rh6+ 42. Kg2 Qf3+ 0-1

[Event "Niedersachsen-ch Seniors op 14th"]
[Site "Bad Bevensen"]
[Date "2011.07.11"]
[Round "7"]
[White "Panneke, Kurt"]
[Black "Kohn, Friedrich"]
[Result "1-0"]
[WhiteElo "1561"]
[BlackElo "1364"]
[PlyCount "53"]
[EventDate "2011.07.05"]
[EventType "swiss"]
[EventRounds "9"]
[EventCountry "GER"]
[SourceTitle "EXT 2012"]
[Source "ChessBase"]
[SourceDate "2011.11.24"]
[SourceVersion "1"]
[SourceVersionDate "2011.11.24"]
[SourceQuality "1"]

1. d4 e6 2. Nf3 f5 3. Bf4 Nf6 4. Nbd2 b6 5. e3 Be7 6. Bd3 0-0 7. h3 Nd5 8. Be5 Bd6 9. c3 Bxe5 10. Nxe5 d6 11. Nef3 Nf6 12. Qb3 Qe8 13. Bxf5 Kh8 14. Bd3 d5 15. Ne5 Qe7 16. Bxh7 Qd6 17. Bg6 Qe7 18. Qd1 Bd7 19. Ndf3 Ne4 20. Bxe4 Be8 21. Bg6 Qf6 22. Bxe8 Rxe8 23. Nh4 Qh6 24. Nhg6+ Kg8 25. Qf3 Rd8 26. Qf7+ Kh7 27. Nf8+ 1-0

[Event "Mecklenburg VP LL2 West 0910"]
[Site "Mecklenburg VP"]
[Date "2010.04.11"]
[Round "9.6"]
[White "Pamperin, Gerhard"]
[Black "Kohn, Friedrich"]
[Result "1-0"]
[WhiteElo "1749"]
[BlackElo "1428"]
[PlyCount "79"]
[EventDate "2009.10.18"]
[EventType "team-tourn"]
[EventRounds "9"]
[EventCountry "GER"]
[SourceTitle "EXT 2016"]
[Source "ChessBase"]
[SourceDate "2015.10.08"]
[SourceVersion "1"]
[SourceVersionDate "2015.10.08"]
[SourceQuality "1"]
[WhiteTeam "Neukloster IV"]
[BlackTeam "Wismar ASV Gruen-Weiss II"]
[WhiteTeamCountry "GER"]
[BlackTeamCountry "GER"]

1. d4 e6 2. c4 f5 3. g3 Nf6 4. Bg2 Bb4+ 5. Bd2 Be7 6. Nc3 0-0 7. Nf3 d5 8. cxd5 exd5 9. 0-0 Qe8 10. Bf4 c6 11. Rc1 Qh5 12. h3 Ne4 13. e3 Nd7 14. Be5 Bf6 15. Bxf6 Ndxf6 16. Ne2 g5 17. Ne5 Qe8 18. f3 Nd6 19. Qb3 Nd7 20. f4 Ne4 21. Bxe4 Nxe5 22. Bxd5+ cxd5 23. fxe5 Be6 24. Kg2 Qd7 25. Rh1 Rac8 26. Nc3 a6 27. Rcf1 g4 28. hxg4 fxg4 29. Rf4 Kh8 30. Rhf1 Rf7 31. Rxf7 Bxf7 32. Rf6 Kg7 33. Qd1 Kh8 34. Qh1 Rg8 35. Qh6 Qe8 36. e6 Bg6 37. Qf4 Qe7 38. Qe5 Rg7 39. Rf2 Qc7 40. Rf8# 1-0

[Event "Mecklenburg VP-ch Seniors op 09th"]
[Site "Binz"]
[Date "2009.12.04"]
[Round "4.59"]
[White "Freerksen, Uwe"]
[Black "Kohn, Friedrich"]
[Result "1/2-1/2"]
[WhiteElo "1233"]
[BlackElo "1429"]
[PlyCount "103"]
[EventDate "2009.12.01"]
[EventType "swiss"]
[EventRounds "9"]
[EventCountry "GER"]
[SourceTitle "EXT 2022"]
[Source "ChessBase"]
[SourceDate "2021.10.06"]
[SourceVersion "1"]
[SourceVersionDate "2021.10.06"]
[SourceQuality "1"]

1. e4 e6 2. Nc3 b6 3. d4 Bb7 4. Nf3 Bb4 5. Bd3 d5 6. e5 Nd7 7. a3 Bxc3+ 8. bxc3 c5 9. 0-0 c4 10. Be2 Ne7 11. Bg5 h6 12. Bh4 g5 13. Bg3 Ng6 14. h3 f5 15. Ne1 f4 16. Bh5 Ndf8 17. Bh2 Qe7 18. g3 0-0-0 19. a4 Qg7 20. Kg2 Ne7 21. Nf3 Kb8 22. Qb1 Ba6 23. a5 b5 24. Qd1 Nc6 25. Re1 Ka8 26. Qd2 Nd7 27. Reb1 Rhf8 28. g4 Ndb8 29. Ne1 Qc7 30. Rb2 Nxa5 31. Rba2 Nbc6 32. f3 Rb8 33. h4 Rb6 34. hxg5 hxg5 35. Rxa5 Nxa5 36. Rxa5 Bc8 37. Bg1 Rb7 38. Ra1 Qb6 39. Rb1 Qa5 40. Kh1 Bd7 41. Bf2 Be8 42. Bxe8 Rxe8 43. Ng2 Rh8+ 44. Kg1 Rf7 45. Qd1 Rfh7 46. Kf1 Rh1+ 47. Bg1 a6 48. Ra1 Qb6 49. Qb1 Kb7 50. Qb4 Re8 51. Kf2 Qc7 52. Kf1 1/2-1/2

[Event "Bad Bevensen Seniors op 12th"]
[Site "Bad Bevensen"]
[Date "2009.07.10"]
[Round "4"]
[White "Kohn, Friedrich"]
[Black "Vierling, Paul"]
[Result "1-0"]
[WhiteElo "1429"]
[BlackElo "1271"]
[PlyCount "65"]
[EventDate "2009.07.07"]
[EventType "swiss"]
[EventRounds "9"]
[EventCountry "GER"]
[SourceTitle "EXT 2022"]
[Source "ChessBase"]
[SourceDate "2021.10.06"]
[SourceVersion "1"]
[SourceVersionDate "2021.10.06"]
[SourceQuality "1"]

1. e4 e5 2. f4 exf4 3. Nf3 d6 4. Bc4 Qe7 5. d3 Bg4 6. Bxf4 Bxf3 7. Qxf3 Nf6 8. 0-0 Nc6 9. Bb5 Qd7 10. Nc3 a6 11. Bxc6 Qxc6 12. Kh1 Be7 13. e5 Qxf3 14. Rxf3 Nd7 15. exd6 cxd6 16. Re1 Kf8 17. Nd5 Re8 18. Nxe7 Rxe7 19. Bxd6 f6 20. Bxe7+ Kf7 21. Bd6 Rc8 22. Re7+ Kg6 23. Rxd7 Rxc2 24. Kg1 Rxb2 25. Bf8 f5 26. Bxg7 Rb1+ 27. Kf2 Rb5 28. Bd4 h5 29. h4 Rb4 30. Rd6+ Kh7 31. Rxf5 Rb1 32. Kg3 Re1 33. Rf7+ 1-0

[Event "Niedersachsen-ch Seniors op 11th"]
[Site "Bad Bevensen"]
[Date "2008.07.15"]
[Round "8"]
[White "Daebel, Hasso"]
[Black "Kohn, Friedrich"]
[Result "1-0"]
[WhiteElo "1500"]
[BlackElo "1439"]
[PlyCount "70"]
[EventDate "2008.07.08"]
[EventType "swiss"]
[EventRounds "9"]
[EventCountry "GER"]
[SourceTitle "EXT 2022"]
[Source "ChessBase"]
[SourceDate "2021.10.06"]
[SourceVersion "1"]
[SourceVersionDate "2021.10.06"]
[SourceQuality "1"]

1. c4 e6 2. Nc3 f5 3. Nf3 Nf6 4. d3 Be7 5. Bg5 0-0 6. Qd2 c6 7. Bxf6 Bxf6 8. d4 d5 9. e3 Qe8 10. cxd5 exd5 11. Be2 Be6 12. g3 Nd7 13. Na4 b5 14. Nc3 a5 15. 0-0 g5 16. Rfc1 Nb6 17. b3 Rc8 18. Bf1 g4 19. Ne1 Qf7 20. Nxb5 cxb5 21. Qxa5 Qb7 22. Qxb5 Rxc1 23. Rxc1 Bd7 24. Qb4 Rc8 25. Rxc8+ Bxc8 26. Nd3 Qa7 27. a4 Be7 28. Qc3 Ba6 29. Nc5 Bxf1 30. Kxf1 Qc7 31. a5 Nd7 32. b4 Nf6 33. Qa3 Ne4 34. Nxe4 Qc4+ 35. Kg2 fxe4 1-0

[Event "Niedersachsen-ch Seniors op 11th"]
[Site "Bad Bevensen"]
[Date "2008.07.14"]
[Round "7"]
[White "Kohn, Friedrich"]
[Black "Freerksen, Uwe"]
[Result "1/2-1/2"]
[WhiteElo "1439"]
[BlackElo "1262"]
[PlyCount "33"]
[EventDate "2008.07.08"]
[EventType "swiss"]
[EventRounds "9"]
[EventCountry "GER"]
[SourceTitle "EXT 2022"]
[Source "ChessBase"]
[SourceDate "2021.10.06"]
[SourceVersion "1"]
[SourceVersionDate "2021.10.06"]
[SourceQuality "1"]

1. e4 e5 2. f4 Nc6 3. Nf3 d6 4. Bc4 h6 5. c3 Nf6 6. d3 Na5 7. Bb3 Nxb3 8. Qxb3 Qe7 9. 0-0 b6 10. fxe5 dxe5 11. Qb5+ Bd7 12. Qxe5 Qxe5 13. Nxe5 Be6 14. Be3 Bd6 15. Nf3 0-0-0 16. e5 Ng4 17. Bf4 1/2-1/2

[Event "Niedersachsen-ch Seniors op 10th"]
[Site "Bad Bevensen"]
[Date "2007.07.11"]
[Round "9"]
[White "Smits, Oswald"]
[Black "Kohn, Friedrich"]
[Result "1-0"]
[WhiteElo "1712"]
[BlackElo "1427"]
[PlyCount "87"]
[EventDate "2007.07.03"]
[EventType "swiss"]
[EventRounds "9"]
[EventCountry "GER"]
[SourceTitle "EXT 2022"]
[Source "ChessBase"]
[SourceDate "2021.10.06"]
[SourceVersion "1"]
[SourceVersionDate "2021.10.06"]
[SourceQuality "1"]

1. d4 f5 2. Nc3 Nf6 3. Nf3 e6 4. Bg5 Be7 5. h3 d5 6. Bf4 Bd6 7. Bxd6 Qxd6 8. Qd3 Ne4 9. a3 c6 10. Ne5 Nd7 11. f4 c5 12. Nxe4 fxe4 13. Qg3 Qe7 14. Nxd7 Bxd7 15. dxc5 0-0 16. e3 Qxc5 17. c3 Bb5 18. Bxb5 Qxb5 19. 0-0-0 Rac8 20. Rhf1 Rf7 21. Qg4 Qd7 22. Rf2 Rcf8 23. Rfd2 Qc6 24. Qe2 b5 25. Rd4 a5 26. Kb1 Rb8 27. g4 Rd8 28. Rxe4 Rdf8 29. Red4 g6 30. Qg2 e5 31. fxe5 Rf2 32. Qxd5+ Qxd5 33. Rxd5 Re2 34. R1d2 Rxe3 35. Rxb5 Rxh3 36. Rxa5 Rg3 37. Ra4 h5 38. gxh5 gxh5 39. Re4 Rg4 40. Ree2 h4 41. e6 h3 42. Rd3 Rg2 43. Rxg2+ hxg2 44. Rg3+ 1-0

[Event "Mecklenburg VP Seniors op 11th"]
[Site "Plau am See"]
[Date "2007.??.??"]
[Round "6"]
[White "Kohn, Friedrich"]
[Black "Garbe, Eckhard"]
[Result "0-1"]
[WhiteElo "1403"]
[BlackElo "1360"]
[PlyCount "124"]
[EventDate "2007.03.19"]
[EventType "swiss"]
[EventRounds "7"]
[EventCountry "GER"]
[SourceTitle "EXT 2008"]
[Source "ChessBase"]
[SourceDate "2007.11.25"]
[SourceVersion "1"]
[SourceVersionDate "2007.11.25"]
[SourceQuality "1"]

1. e4 c5 2. Nc3 d6 3. f4 e6 4. Nf3 Nc6 5. d3 Nf6 6. g3 a6 7. Bg2 Qc7 8. 0-0 b5 9. b3 Bb7 10. Re1 Be7 11. e5 dxe5 12. fxe5 Nd7 13. Bf4 Rd8 14. Rb1 Nf8 15. Qe2 Ng6 16. Bd2 0-0 17. Bg5 Bxg5 18. Nxg5 Ncxe5 19. Bxb7 Qxb7 20. Nce4 Qe7 21. Nxh7 f6 22. Nxf8 Qxf8 23. Rf1 Qe7 24. Qh5 Qd7 25. Kg2 Qf7 26. Qe2 Qb7 27. Kg1 Qd7 28. h3 Qe7 29. Qe3 Rd4 30. Rbd1 b4 31. Rf2 Qc7 32. Kg2 Qc6 33. Kh2 Rd5 34. Rdf1 Qc7 35. Nd2 f5 36. Nc4 Kf7 37. Qg5 Kg8 38. Re2 Kf7 39. h4 f4 40. Kh3 Nf3 41. Qg4 Nfe5 42. Nxe5+ Rxe5 43. Rxe5 Qxe5 44. Rxf4+ Nxf4+ 45. Qxf4+ Qxf4 46. gxf4 Kf6 47. Kg4 g6 48. Kf3 Kf5 49. Kg3 e5 50. fxe5 Kxe5 51. Kg4 Ke6 52. h5 gxh5+ 53. Kxh5 Ke5 54. Kg4 Kd4 55. Kf3 Kc3 56. Ke4 Kxc2 57. Kd5 Kxd3 58. Kxc5 Kc3 59. Kd5 Kb2 60. Kc4 a5 61. Kd3 Kxa2 62. Kc2 Ka3 0-1